Využitie nových trendov v hlbokých neurónových sieťach na obrazy v oftalmológii

Gespeichert in:
Bibliographische Detailangaben
1. Verfasser: Kurek, Dávid (Verfasst von)
Weitere Verfasser: Kurilová, Veronika (Betreuung Doktorarbeit)
Format: Manuskript Buch
Sprache:Slowakisch
Veröffentlicht: 2025
Schlagworte:
Online-Zugang:http://is.stuba.sk/zp/portal_zp.pl?podrobnosti=184408
Tags: Tag hinzufügen
Keine Tags, Fügen Sie das erste Tag hinzu!

MARC

LEADER 00000ntm a22000003a 4500
001 stuzp105536
003 SK-STU
005 20250614213925.6
007 ta
008 150427s2015----xo-----f-mn---000-0-slo-d
040 |a STU  |b slo 
041 0 |a slo 
100 1 |a Kurek, Dávid  |u 030510  |4 aut  |U FEI Fakulta elektrotechniky a informatiky  |T FEI INOLab - Centrum pre inovácie a kybernetickú bezpečnosť  |X 104514  |U 030510  |Y 846  |7 104514 
242 0 1 |a Using new deep learning trends in analysis of images in ophthalmology  |y eng 
245 1 0 |a Využitie nových trendov v hlbokých neurónových sieťach na obrazy v oftalmológii 
260 |c 2025 
650 4 |a custom method  |2 eng 
650 4 |a deep learning  |2 eng 
650 4 |a EfficientNetB0  |2 eng 
650 4 |a MobileNetV2  |2 eng 
650 4 |a InceptionV3  |2 eng 
650 4 |a ResNet50  |2 eng 
650 4 |a VGG16  |2 eng 
650 4 |a Vision Transformer B16  |2 eng 
650 4 |a DenseNet121  |2 eng 
650 4 |a image preprocessing  |2 eng 
650 4 |a data augmentation  |2 eng 
650 4 |a image classification  |2 eng 
650 4 |a age-related macular degeneration  |2 eng 
650 4 |a EfficientNetB0  |2 slo 
650 4 |a MobileNetV2  |2 slo 
650 4 |a VGG16  |2 slo 
650 4 |a DenseNet121  |2 slo 
650 4 |a augmentácia dát  |2 slo 
650 4 |a vekovo podmienená degenerácia makuly  |2 slo 
650 4 |a InceptionV3  |2 slo 
650 4 |a ResNet50  |2 slo 
650 4 |a Vision Transformer B16  |2 slo 
650 4 |a vlastná metóda  |2 slo 
650 4 |a predspracovanie obrazu  |2 slo 
650 4 |a klasifikácia obrazov  |2 slo 
650 4 |a hlboké učenie  |2 slo 
700 1 |a Kurilová, Veronika  |u 030510  |k Z8  |4 ths  |U FEI Fakulta elektrotechniky a informatiky  |T FEI INOLab - Centrum pre inovácie a kybernetickú bezpečnosť  |X 8036  |U 030510  |Y 846  |7 A000008036 
856 4 |u http://is.stuba.sk/zp/portal_zp.pl?podrobnosti=184408